| 000 | 00766nam a2200181Ia 4500 | ||
|---|---|---|---|
| 008 | 100921s9999 xx 000 0 und d | ||
| 082 |
_b17426 _a920.02 थ 66 |
||
| 100 | _aबागल माधवराव. | ||
| 245 | _aबहुजन समाजाचे शिल्पकार. | ||
| 260 |
_bठोकळ प्रकाशन,पुणे. _c1966 |
||
| 300 |
_a203 _b--- |
||
| 365 | _b6 | ||
| 520 | _aचरित्र- संग्रह,व्यिक्तचित्रे. | ||
| 630 | _aबहुजन समाजाचे शिल्पकार. | ||
| 650 | _aचरित्र- संग्रह,व्यिक्तचित्रे. | ||
| 730 | _aबहुजन समाजाचे शिल्पकार. | ||
| 942 | _cBOOK | ||
| 999 |
_c766539 _d766536 |
||